| 000 -LEADER |
| fixed length control field |
02129cam a2200361 a 4500 |
| 001 - CONTROL NUMBER |
| control field |
16940468 |
| 005 - DATE AND TIME OF LATEST TRANSACTION |
| control field |
20170105102912.0 |
| 008 - FIXED-LENGTH DATA ELEMENTS--GENERAL INFORMATION |
| fixed length control field |
110830r20112011nyua b 001 0 eng c |
| 010 ## - LIBRARY OF CONGRESS CONTROL NUMBER |
| LC control number |
2011937790 |
| 020 ## - INTERNATIONAL STANDARD BOOK NUMBER |
| International Standard Book Number |
9780374208387 |
| 020 ## - INTERNATIONAL STANDARD BOOK NUMBER |
| International Standard Book Number |
0374208387 |
| 035 ## - SYSTEM CONTROL NUMBER |
| System control number |
(OCoLC)ocn759161715 |
| 040 ## - CATALOGING SOURCE |
| Original cataloging agency |
TXB |
| Language of cataloging |
eng |
| Transcribing agency |
TXB |
| Modifying agency |
TXB |
| -- |
ZAD |
| -- |
BTCTA |
| -- |
YDXCP |
| -- |
OCLCQ |
| -- |
ABG |
| -- |
ORX |
| -- |
AFQ |
| -- |
MOF |
| -- |
DLC |
| 042 ## - AUTHENTICATION CODE |
| Authentication code |
pcc |
| 050 00 - LIBRARY OF CONGRESS CALL NUMBER |
| Classification number |
HD9743.A2 |
| Item number |
F45 2011 |
| 082 00 - DEWEY DECIMAL CLASSIFICATION NUMBER |
| Classification number |
382/.456234 |
| Edition number |
23 |
| 100 1# - MAIN ENTRY--PERSONAL NAME |
| Personal name |
Feinstein, Andrew, |
| Dates associated with a name |
1964- |
| 245 14 - TITLE STATEMENT |
| Title |
The shadow world : |
| Remainder of title |
inside the global arms trade / |
| Statement of responsibility, etc. |
Andrew Feinstein. |
| 250 ## - EDITION STATEMENT |
| Edition statement |
1st American ed. |
| 260 ## - PUBLICATION, DISTRIBUTION, ETC. |
| Place of publication, distribution, etc. |
New York : |
| Name of publisher, distributor, etc. |
Farrar, Straus and Giroux, |
| Date of publication, distribution, etc. |
2011. |
| 300 ## - PHYSICAL DESCRIPTION |
| Extent |
xxx, 672 p. : |
| Other physical details |
ill. ; |
| Dimensions |
24 cm. |
| 500 ## - GENERAL NOTE |
| General note |
Originally published: London : Hamish Hamilton, 2011. |
| 504 ## - BIBLIOGRAPHY, ETC. NOTE |
| Bibliography, etc. note |
Includes bibliographical references (p. [537]-641) and index. |
| 505 0# - FORMATTED CONTENTS NOTE |
| Formatted contents note |
The second-oldest profession. Sins of commission ; The Nazi connection -- Nice work if you can get it. The Saudi connection ; In defence of humanity ; The ultimate deal or the ultimate crime? ; Diamonds and arms ; Buckling to Bandar ; And justice for none? -- Business as usual. Things fall apart-- with help from BAE ; After the Wall : capitalism, BAE-style ; The ultimate cop-out -- The arms superpower. Legal bribery ; In the name of Uncle Sam ; Taking the mickey, the toilet seat, and the hammer-- in a galaxy far, far away ; Illegal bribery ; Beyond Utopia, hope? ; America's shop window ; Making a killing : Iraq and Afghanistan -- The killing fields. Cry, the beloved continent -- End game. Bringing peace to the world ; Future imperfect. |
| 650 #0 - SUBJECT ADDED ENTRY--TOPICAL TERM |
| Topical term or geographic name entry element |
Arms transfers. |
| 650 #0 - SUBJECT ADDED ENTRY--TOPICAL TERM |
| Topical term or geographic name entry element |
Illegal arms transfers. |
| 650 #0 - SUBJECT ADDED ENTRY--TOPICAL TERM |
| Topical term or geographic name entry element |
Defense industries. |
| 856 42 - ELECTRONIC LOCATION AND ACCESS |
| Materials specified |
Contributor biographical information |
| Uniform Resource Identifier |
<a href="http://www.loc.gov/catdir/enhancements/fy1208/2011937790-b.html">http://www.loc.gov/catdir/enhancements/fy1208/2011937790-b.html</a> |
| 856 42 - ELECTRONIC LOCATION AND ACCESS |
| Materials specified |
Publisher description |
| Uniform Resource Identifier |
<a href="http://www.loc.gov/catdir/enhancements/fy1208/2011937790-d.html">http://www.loc.gov/catdir/enhancements/fy1208/2011937790-d.html</a> |
| 906 ## - LOCAL DATA ELEMENT F, LDF (RLIN) |
| a |
7 |
| b |
cbc |
| c |
pccadap |
| d |
2 |
| e |
epcn |
| f |
20 |
| g |
y-gencatlg |
| 942 ## - ADDED ENTRY ELEMENTS (KOHA) |
| Source of classification or shelving scheme |
|
| Koha item type |
Book |